Top 10 użytkowników JetPunk w j. polskim - 2025 - Statystyki

Ogólne statystyki
  • Ten quiz został rozwiązany 3 razy
  • Średni wynik to 7 z 10
Statystyki odpowiedzi
Pozycja Liczba rozwiązań quizów Hegemon polskiego JetPunk w 2025 % Poprawnych
2. 1 494 524 ArjayPL
100%
1. 1 675 603 Levisek27
100%
8. 756 274 Pandryf
100%
3. 1 425 251 youtubeplayer
100%
9. 575 963 Barroszt
67%
5. 817 897 Quizmaster
67%
4. 940 023 zwirek578
67%
6. 810 783 Jerry928
33%
7. 793 720 miki2003
33%
10. 534 554 Stewart
33%
Nie znaleziono quizów pasujących do podanych kryteriów
Rozkład punktacji
Procent ludzi z każdym wynikiem
Percentyl według liczby udzielonych odpowiedzi
Twoja historia wyników
Nie rozwiązałeś tego quizu